| 000 | 00557nam a2200181 a 4500 | ||
|---|---|---|---|
| 001 | 3506 | ||
| 005 | 20140414131949.0 | ||
| 008 | 060505s19uu xx 00 eng d | ||
| 020 | _a0-07-572058-2 | ||
| 050 |
_aTR 372.4 _bL1-1(PS) BLM 2002 |
||
| 245 |
_aChallenge: phonics skills, L. 1-1 : _bblackline masters. |
||
| 260 |
_aColumbus, Ohio : _bSRA/McGraw-Hill, _c2002. |
||
| 300 | _a105 p. ; cm. | ||
| 440 | _aSRA Open Court Reading, Orange | ||
| 526 | _cGrade 1 | ||
| 650 |
_aReading _xStudy and teaching _xActivities _xReproducibles. |
||
| 999 |
_c112755 _d112755 |
||